00322cam a22000977a 4500008004000000082002100040245007600061260004200137300000800179700003700187180718b1972 xxu||||| |||| 00| 0 eng d aR112x54 In2r/ind aReport of the working group on industriescby Committee of Unemployment aNew DelhibVigyan Bhavan Annexec1972 a82p aIndia, Committee of Unemployment